000 00923nam0a2200277 4500
001 RU\NLR\BIBL_A\012295008
005 20250624011556.0
035 _a(NLR Aleph) 012295008
090 _a13300628
_c13300628
100 _a20200717d1978 |||y0rusy50 ca
101 0 _aaze
102 _aAZ
105 _ay z 000 y
181 0 _ai
_baxxe
182 0 _an
200 1 _aГәрибә сәjаһәт
_e[һекаjәләр]
_fОруҹ Гошгарлы
203 _aТекст
_bвизуальный
_cнепосредственный
210 _aБакы
_cҜәнҹлик
_d1978
215 _a75,[2] c.
_d14
541 1 _6z01790
_aЛетающий заяц
_eрассказы
700 1 _aГошгарлы
_bО. Һ.
_gОруҹ hусеjн оғлу
_4070
790 1 _6z1541
_aКошкарлы
_bО. Г.
_gОрудж Гусейн оглы
_4070
852 _aNLR
_bОНЛ
_jАзерб./1-2311
942 _cBOOK
980 _aNB